|
|
|
|
| LEADER |
00000nab a2200000 a 4500 |
| 001 |
vtls000852679 |
| 003 |
SK-MaSNL |
| 005 |
20260304121333.0 |
| 008 |
250429c2003 xo 0 slo |
| 015 |
|
|
|a SNBRB2003/10-32510
|
| 035 |
|
|
|a CLN000204334
|
| 035 |
|
|
|a urn:nbn:sk:snk-abbwvh
|
| 035 |
|
|
|a (urnnbn)urn:nbn:sk:snk:ar-0058mb
|
| 035 |
|
|
|a (uuid)cf12a505-5f73-4fcd-8232-75831061c8b3
|
| 040 |
|
|
|a SNKBUCL
|b slo
|c SNKBUCL
|e AACR2
|
| 041 |
0 |
|
|a slo
|
| 044 |
|
|
|a xo
|c SK
|
| 080 |
|
|
|a 615.2:613.73:613.86
|2 1997
|
| 100 |
1 |
|
|a Chalabala, Milan,
|d 1928-2003
|4 aut
|9 263426
|
| 245 |
1 |
0 |
|a Doping a liečivá
|c M. Chalabala, V. Špringer
|
| 504 |
|
|
|a Bibliogr. odkazy
|
| 650 |
0 |
7 |
|a liečivo
|x doping
|2 snkbucl
|9 1426139
|
| 655 |
|
7 |
|a články z novín a časopisov
|2 snkbucl
|9 267496
|
| 700 |
1 |
|
|a Špringer, Vladimír,
|d 1933-2009
|4 aut
|9 196745
|
| 773 |
0 |
|
|t Pharma journal
|g Roč. 13, č. 3 (2003), s. 57-59
|x 1335-0633
|
| 850 |
|
|
|a Slovenská národná knižnica
|
| 852 |
|
|
|a Slovenská národná knižnica
|
| 954 |
|
|
|a odborná, vedecká literatúra pôvodná (slovenská)
|2 lita
|
| 958 |
|
|
|a article15
|
| 958 |
|
|
|a OND
|
| 958 |
|
|
|a MI
|
| 958 |
|
|
|a NB
|
| 958 |
|
|
|a EUIPO
|
| 992 |
|
|
|a RBX
|
| 999 |
|
|
|c 2884591
|d 2886521
|